[Event "URS-ch50"]
[Site "Moscow"]
[Date "1983.??.??"]
[Round "?"]
[White "Geller, Efim P"]
[Black "Tal, Mihail"]
[Result "1-0"]
[WhiteElo "2575"]
[BlackElo "2620"]

1.e4 c5 2.Nf3 d6 3.d4 cxd4 4.Nxd4 Nf6 5.Nc3 e6 6.Be2 Nc6 7.Be3 Be7 8.O-O O-O
9.f4 e5 10.fxe5 dxe5 11.Nf5 Bxf5 12.Rxf5 Qxd1+ 13.Rxd1 g6 14.Rf2 Nd4 15.Bh6 Nxc2
16.Bg5 Nd5 17.Bxe7 Nxe7 18.Rd7 Nc6 19.Bc4 Ne3 20.Rfxf7 Rxf7 21.Bxf7+ Kh8
22.Nd5 Nxd5 23.Bxd5 Nd4 24.Bxb7 Rb8 25.b3 Ne2+ 26.Kf2 Nc1 27.Bd5 Nxa2 28.Rxa7 Nc1
29.Ra3 Nd3+ 30.Ke3 Nb4 31.Ra7 Nc2+ 32.Kd3 Nd4 33.Ra3 h5 34.h4 Kg7 35.Bc4 g5
36.Ra5 Nxb3 37.Rxe5 gxh4 38.Kc3 Nc1 39.Rxh5 Rf8 40.Rxh4 Rf2 41.Rg4+ Kf6 42.Kd4 Rd2+
43.Kc3 Rf2 44.Rg8  1-0

[Event "URS-ch50"]
[Site "Moscow"]
[Date "1983.??.??"]
[Round "?"]
[White "Tal, Mihail"]
[Black "Vaganian, Rafael A"]
[Result "1/2-1/2"]
[WhiteElo "2620"]
[BlackElo "2550"]

1.d4 Nf6 2.Nf3 g6 3.c4 Bg7 4.Nc3 d5 5.cxd5 Nxd5 6.e4 Nxc3 7.bxc3 c5 8.Rb1 O-O
9.Be2 Nc6 10.d5 Ne5 11.Nxe5 Bxe5 12.Qd2 e6 13.f4 Bg7 14.c4 Re8 15.e5 f6 16.d6 fxe5
17.Bb2 exf4 18.Bxg7 Kxg7 19.O-O Rf8 20.Rxf4 Rxf4 21.Qxf4 Qf6 22.Qe3 b6 23.Qe4  1/2-1/2

[Event "URS-ch50"]
[Site "Moscow"]
[Date "1983.??.??"]
[Round "?"]
[White "Tal, Mihail"]
[Black "Petrosian, Tigran V"]
[Result "1/2-1/2"]
[WhiteElo "2620"]
[BlackElo "2605"]

1.e4 e6 2.d4 d5 3.Nc3 Bb4 4.e5 c5 5.a3 Bxc3+ 6.bxc3 Ne7 7.Qg4 Nf5 8.Bd3 h5
9.Qf4 Qh4 10.Ne2 Qxf4 11.Nxf4 Ne7 12.Be2 h4 13.Nh5 Kf8 14.Bg5 cxd4 15.cxd4 b6
16.O-O-O Ba6 17.Bxa6 Nxa6 18.g4 Ng6 19.f4 Rc8 20.Rhg1 Nc7 21.Rd3 Ne8 22.Rf1 Ne7
23.f5 exf5 24.Rdf3 g6 25.Nf4 fxg4 26.Ne6+ Kg8 27.Rxf7 Nf5 28.Rf8+ Kh7  1/2-1/2

[Event "URS-ch50"]
[Site "Moscow"]
[Date "1983.??.??"]
[Round "?"]
[White "Razuvaev, Yuri S"]
[Black "Karpov, Anatoly"]
[Result "1/2-1/2"]
[WhiteElo "2520"]
[BlackElo "2710"]

1.d4 Nf6 2.c4 e6 3.Nf3 b6 4.g3 Bb7 5.Bg2 Be7 6.O-O O-O 7.Nc3 Ne4 8.Qc2 Nxc3
9.Qxc3 c5 10.Rd1 d6 11.b3 Bf6 12.Bb2 Qc7 13.Qd2 Rd8 14.dxc5 dxc5 15.Qf4 Na6
16.Qxc7 Nxc7 17.Bxf6 gxf6 18.Ne1  1/2-1/2

[Event "URS-ch50"]
[Site "Moscow"]
[Date "1983.??.??"]
[Round "?"]
[White "Petrosian, Tigran V"]
[Black "Agzamov, Georgy"]
[Result "1/2-1/2"]
[WhiteElo "2605"]
[BlackElo "2535"]

1.d4 Nf6 2.Nf3 e6 3.c4 Bb4+ 4.Bd2 Qe7 5.Qc2 Nc6 6.Nc3 d5 7.e3 O-O 8.a3 Bxc3
9.Bxc3 Ne4 10.b4 a6 11.Bb2 f5 12.Be2 Rf6 13.Rc1 Qe8 14.Ne5 Ne7 15.f3 Nd6
16.O-O c6 17.c5 Nf7 18.Nd3 g5 19.Qd2 Bd7 20.e4 b6 21.Rce1 Nh8 22.Bd1 Nhg6
23.Bc2 Qf8 24.Rf2 Qg7 25.exf5 Nxf5 26.g3 Raf8 27.Ref1 R6f7 28.Nc1 Nfe7 29.Ne2 Nf5
30.Nc1 Be8 31.Kh1 Bd7 32.Kg1 Re7 33.Re1 Ref7 34.Ref1 Qf6 35.Ne2 Qg7 36.Nc1 Qf6  1/2-1/2